000 00534nam a2200169 a 4500
005 20140412111304.0
008 001115s19uu xx 00 eng d
020 _a0-673-74400-0
050 _aTR(GS 428.8
_bSc82 1989
245 _aFriends :
_ban american tradition /
_cRichard L. Allington, et. al.
260 _aGlenview, Ill :
_bScott Foresman & Co,
_c1989.
300 _a72 p. ; col. ; ill.
440 _aScott Foresman Reading Program, Level 2A
650 _aReading -- study and teaching
999 _c103609
_d103609